Grandes casos del arbitraje comercial internacional : (Registro nro. 22103)
[ vista simple ]
| 000 -Cabecera | |
|---|---|
| Campo de control interno | 00857nam a2200229Ia 4500 |
| 005 - Fecha y hora del registro | |
| control field | 20260416133932.0 |
| 008 - Elementos de Longitud Fija | |
| fixed length control field | 260320s9999||||xx |||||||||||||| ||und|| |
| 020 ## - ISBN | |
| ISBN | 9786123255305 |
| 041 ## - Idioma | |
| Codigo Idioma | ESP |
| 082 ## - DEWEY y NOTACIÓN INTERNA | |
| Dewey | 345.721 |
| Notación Interna | A176 |
| 100 ## - AUTOR | |
| Autor denominación | Arp, Bjorn, |
| Término de relación | |
| 245 #0 - TÍTULO DE MATERIAL BIBLIOGRÁFICO | |
| Título | Grandes casos del arbitraje comercial internacional : |
| Título paralelo | Compendio de jurisprudencia arbitral (Estados Unidos, Francia e Inglaterra) |
| 250 ## - EDICIÓN | |
| Edición | Primera edición |
| 260 ## - CIUDAD, EDITORIAL, AÑO | |
| Ciudad | Lima : |
| Nombre de la Editorial | Palestra Editores, |
| Año | 2025 |
| 300 ## - DESCRIPCIÓN | |
| N° Páginas | 641 páginas : |
| Dimensiones | 21 cm. |
| 650 ## - TEMAS | |
| Temas | Ciencias Sociales |
| 653 ## - DESCRIPTORES | |
| Lenguajes no controlado | Derecho; Derecho procesal civil; Arbitraje |
| 654 ## - PROGRAMAS | |
| Programa | |
| 856 ## - URL - UBICACIÓN | |
| URI/URL: Enlace exacto del recurso | <a href="https://0u214rx7b-y-https-app-vlex-com.itmsp.museknowledge.com/search/jurisdiction:PE/casos+de+arbitraje+comercial+internacional">https://0u214rx7b-y-https-app-vlex-com.itmsp.museknowledge.com/search/jurisdiction:PE/casos+de+arbitraje+comercial+internacional</a> |
| Nota pública: Versión digital | <a href="Véase además: Base de datos Vlex">Véase además: Base de datos Vlex</a> |
| 942 ## - ELEMENTOS DE KOHA | |
| Tipo de documento | Libro |
| Nombre del creador | Justo Noguera |
| Código de catalogador | Mirtha Ponce |
| Esquema de clasificación | Dewey Decimal Classification |
| Codigo completo | Registro | Colección | Copia número | Disponibilidad | Tipo de préstamo | Biblioteca Actual | Procedencia (Biblioteca) | Ubicacón | Fecha Ingreso | Tipo de Adquisición | Observación | Date last seen | Total checkouts | Price effective from | Tipo de Item | Estado del Material | Fuente de Clasificación | Damaged status | Withdrawn status |
|---|---|---|---|---|---|---|---|---|---|---|---|---|---|---|---|---|---|---|---|
| 345.721 A176 | 1088049 | Universidad Católica San Pablo | 1 | No disponible | Proceso | Víctor Andrés Belaunde | Víctor Andrés Belaunde | Primer piso | 10/03/2026 | Compra | Derecho | 20/03/2026 | 20/03/2026 | Libro | Bueno | Dewey Decimal Classification | Withdrawn |




